000 00724cab a2200229 4500
001 WB2901-82
008 090401t1993 xxu||||| |||| 00| 0 eng d
035 _a(Sirsi) u18748
041 _aeng
245 _aRents to be revealed to VO
260 _c1993
350 _a0
490 _aCSW - The Property Week
_v42(1) 7 January 1993, 5(1)
520 _aTenants bound by confidentiality clauses in their leases will be required to declare their rents to the Valuation Office during the rating revaluation in 1995.
650 _aCONFIDENTIALITY CLAUSES
650 _aDISCLOSURE
650 _aLEASES
690 _aPROPERTY-LANDLORD AND TENANT
690 _aRATING AND VALUATION
942 _n0
948 _c04/03/1997
999 _c12477
_d12477